000
00184nam a22000857a 4500
003
SGT
245
_a
BRITISH JOURNAL OF SURGERY
260
_a
UK
_b
OXFORD UNIVERSITY
_c
2021
942
_2
ddc
_c
BV
999
_c
24409
_d
24409